| 000 | 00566cam a2200145 4500500 | ||
|---|---|---|---|
| 005 | 20251228090654.0 | ||
| 041 | _afre | ||
| 042 | _adc | ||
| 100 | 1 | 0 |
_aBruley, Pauline _eauthor |
| 245 | 0 | 0 | _aHenri Barbusse, Le Feu (Journal d’une escouade), éd. Denis Pernot, GF Flammarion, 2014, 522 p., 6 € |
| 260 | _c2014. | ||
| 500 | _a44 | ||
| 786 | 0 | _nBulletin de l’Amitié Charles Péguy | 148 | 4 | 2014-04-07 | p. 455-456 | 0180-8567 | |
| 856 | 4 | 1 | _uhttps://shs.cairn.info/revue-bulletin-de-lamitie-charles-peguy-2014-4-page-455?lang=fr&redirect-ssocas=7080 |
| 999 |
_c1602580 _d1602580 |
||